LEADER 01289nam a2200289 i 4500 001 000000349434 003 CaOOAMICUS 005 20220209122449.0 008 220209s2021 it u000 u ita u 013 $a236792 020 $a978-88-10-41251-0 040 $aSeMil$bita 100 1 $aPocher, Linda,$d<1980- >.$0(OLS)http://semarc/name/44364 245 10$aDalla terra alla madre :$bper una teologia del grembo materno /$cLinda Pocher ; prefazione di Giovanni Cesare Pagazzi. 264 1$aBologna :$bEDB,$c2021. 300 $a169 p. ;$c22 cm 490 1 $aNuovi saggi teologici ;$v140 650 4$aBibbia - Immagine del grembo.$0(OLS)http://semarc/subject/51659 650 4$aGenerazione - Bibbia.$0(OLS)http://semarc/subject/47517 700 1 $aPagazzi, Giovanni Cesare.$0(OLS)http://semarc/name/5614 830 0$aNuovi saggi teologici ;$v140.$0(OLS)http://semarc/title/422386 850 $aSeMil 852 $aSeMil$W1$xVenegono$y1$m2LA N 140$j264878$B240488$CSeMilBibl$Z2$F240488 $81 996 $6020$a978-88-10-41251-0$9(OLS)http://semarc/number/295286 996 $6245$aDalla terra alla madre :$bper una teologia del grembo materno$9(OLS)http://semarc/title/439001 996 $6264$aBologna :$bEDB$9(OLS)http://semarc/publisher/29669 LEADER 01425nam a2200217 i 4500 001 000000069915 003 CaOOAMICUS 005 20080528000000.0 008 080528s1973 it u000 u ita u 013 $a41087 040 $aSeMil$bita 100 1 $aSteiner, Rudolf <1861-1925>.$0(OLS)http://semarc/name/5779 240 14$aDas Wesen des Musikalischen und das Tonerlebnis im Menschen.$0(OLS)http://semarc/title/112098 245 12$aL'essenza della musica e l'esperienza del suono nell'uomo :$bSette conferenze tenute a Colonia, Berlino, Lips ia, Stoccarda e Dornach negli anni 1906, 1920, 1921 e 1923, con risposte e domande, considerazioni conclusive e un'appendice di citazioni sulla musica estratte da conferenze diverse /$cRudolf Steiner. 260 $aMilano :$bEditrice Antroposofica,$c1973. 300 $a211 p. ;$c22 cm. 650 4$aMusica - Studi.$0(OLS)http://semarc/subject/3100 850 $aSeMil 852 $aSeMil$W1$xVenegono$y1$m2P I 397$j36068$B36068$CSeMilBibl$Z2$F36071 $81 996 $6245$aL'essenza della musica e l'esperienza del suono nell'uomo :$bSette conferenze tenute a Colonia, Berlino, Lips ia, Stoccarda e Dornach negli anni 1906, 1920, 1921 e 1923, con risposte e domande, considerazioni conclusive e un'appendice di citazioni sulla musica estratte da conferenze diverse$9(OLS)http://semarc/title/112097 996 $6260$aMilano :$bEditrice Antroposofica$9(OLS)http://semarc/publisher/35162